000 00679 a2200205 4500
020 _a0486445143
020 _a9780486445144
082 _a514.325
090 _c1045
_d1045
100 1 _aSchweizer, B.
245 1 0 _aProbabilistic metric spaces /
_cB. Schweizer, A. Sklar, Mathematics.
260 _a[S.l.] :
_bDover Publications,
_c2005.
300 _a352 p. ;
_c22 cm.
490 1 _aDover books on mathematics.
700 1 _aSklar, A.
700 1 _aMathematics.
830 0 _aDover books on mathematics.
942 _aSNS
_cBK
_k514.325 SCH
999 _c29663
_d29663